书目信息 |
| 题名: |
盆景之书
|
|
| 作者: | 沃伦 著 ;王保令 , 强晓晓 译 | |
| 分册: | ||
| 出版信息: | 武汉 华中科技大学出版社 2019.05 |
|
| 页数: | 223页 | |
| 开本: | 24cm | |
| 丛书名: | ||
| 单 册: | ||
| 中图分类: | S688.1-64 | |
| 科图分类: | ||
| 主题词: | 盆景--pen jing--观赏园艺--图解 | |
| 电子资源: | ||
| ISBN: | 978-7-5680-5050-0 | |
| 000 | 01300nam0 2200301 450 | |
| 001 | 0109110211 | |
| 005 | 20201109110338.0 | |
| 010 | @a978-7-5680-5050-0@b精装@dCNY128.00 | |
| 100 | @a20190719d2019 em y0chiy50 ea | |
| 101 | 1 | @achi@ceng |
| 102 | @aCN@b420000 | |
| 105 | @aa z 001yy | |
| 106 | @ar | |
| 200 | 1 | @a盆景之书@Apen jing zhi shu@e图解盆景鉴赏·制作·养护技巧@f(英)彼得·沃伦(Peter Warren)著@g王保令,强晓晓译 |
| 210 | @a武汉@c华中科技大学出版社@d2019.05 | |
| 215 | @a223页@d24cm | |
| 305 | @a由Dorling Kindersley Limited授权出版 | |
| 312 | @a版权页英文题名:Bonsai | |
| 330 | @a本书为您讲解盆栽需要的工具及护理的要点。阅读本书,您将会学习到一个盆栽种植、繁殖、修剪、养护的完整过程,以及如何挑选合适的容器来获得最佳的视觉效果。即使是在城市环境中,盆栽也可以为您带来宁静,使您家中的景色真正独特。无论您是想研究盆栽技艺还是想装饰家居,本书都是您的年度必备书籍。 | |
| 510 | 1 | @aBonsai@zeng |
| 517 | 1 | @a图解盆景鉴赏·制作·养护技巧@Atu jie pen jing jian shang ·zhi zuo ·yang hu ji qiao |
| 606 | 0 | @a盆景@Apen jing@x观赏园艺@j图解 |
| 690 | @aS688.1-64@v5 | |
| 701 | 0 | @c(英)@a沃伦@Awo lun@c(Warren, Peter)@4著 |
| 702 | 0 | @a王保令@Awang bao ling@4译 |
| 702 | 0 | @a强晓晓@Aqiang xiao xiao@4译 |
| 801 | 0 | @aCN@bBJSZM@c20201103 |
| 905 | @b1240603-5@dS688.1-64@e632@f3 | |
| 盆景之书:图解盆景鉴赏·制作·养护技巧/(英)彼得·沃伦(Peter Warren)著/王保令,强晓晓译.-武汉:华中科技大学出版社,2019.05 |
| 223页;24cm |
| ISBN 978-7-5680-5050-0(精装):CNY128.00 |
| 本书为您讲解盆栽需要的工具及护理的要点。阅读本书,您将会学习到一个盆栽种植、繁殖、修剪、养护的完整过程,以及如何挑选合适的容器来获得最佳的视觉效果。即使是在城市环境中,盆栽也可以为您带来宁静,使您家中的景色真正独特。无论您是想研究盆栽技艺还是想装饰家居,本书都是您的年度必备书籍。 |
| ● |
| 相关链接 |
|
|
|
|
正题名:盆景之书
索取号:S688.1-64/632
 
预约/预借
| 序号 | 登录号 | 条形码 | 馆藏地/架位号 | 状态 | 备注 |
| 1 | 1240603 | 212406038 | 第二样本阅览室/ [索取号:S688.1-64/632] | 在馆 | |
| 2 | 1240604 | 212406047 | 第三借阅区/ [索取号:S688.1-64/632] | 在馆 | |
| 3 | 1240605 | 212406056 | 第三借阅区/ [索取号:S688.1-64/632] | 在馆 |